CBS QUICK REVIEW OF LATEST PAPERS / (Record no. 795692)

MARC details
000 -LEADER
fixed length control field 00541pam a2200193 a 4500
020 ## - INTERNATIONAL STANDARD BOOK NUMBER
International Standard Book Number 8123910851
Terms of availability 165.00 SPECIMAN
041 ## - LANGUAGE CODE
Language code of text/sound track or separate title eng
Language code of original NULL
082 ## - DEWEY DECIMAL CLASSIFICATION NUMBER
Classification number 616
Item number BHA/KAU
100 ## - MAIN ENTRY--PERSONAL NAME
Personal name BHATIA, M .
245 ## - TITLE STATEMENT
Title CBS QUICK REVIEW OF LATEST PAPERS /
Statement of responsibility, etc. NULL.
Medium Textual Documents
260 ## - PUBLICATION, DISTRIBUTION, ETC.
Place of publication, distribution, etc. NULL :
Name of publisher, distributor, etc. CENTRAL BOOK SUPP. (CBS) ,
Date of publication, distribution, etc. 2004.
300 ## - PHYSICAL DESCRIPTION
Extent 220 :
Other physical details xx ;
Dimensions NULL .
365 ## - TRADE PRICE
Price type code 165.00 SPECIMAN
Price note 2
650 ## - SUBJECT ADDED ENTRY--TOPICAL TERM
Topical term or geographic name entry element GEN.MEDICINE
700 ## - ADDED ENTRY--PERSONAL NAME
Personal name KAUR, N .
907 ## - LOCAL DATA ELEMENT G, LDG (RLIN)
a 3456
-- 3457
930 ## - EQUIVALENCE OR CROSS-REFERENCE-UNIFORM TITLE HEADING [LOCAL, CANADA]
Uniform title 1156
Holdings
Withdrawn status Lost status Damaged status Not for loan Home library Current library Date acquired Source of acquisition Total Checkouts Full call number Barcode Date last seen Copy number Price effective from Koha item type
        Medical College & Hospital, Sangli Medical College & Hospital, Sangli 28/11/2011   616 BHA/KAU MCS-3457 26/07/2023 3 26/07/2023 Book
        Medical College & Hospital, Sangli Medical College & Hospital, Sangli 28/11/2011   616 BHA/KAU MCS-3456 26/07/2023 2 26/07/2023 Book
        Medical College & Hospital, Sangli Medical College & Hospital, Sangli 28/11/2011   616 BHA/KAU MCS-3455 26/07/2023 1 26/07/2023 Book